=LDR 00000nam 2200000 4500 =001 INLIS000000000002347 =005 20130612090707 =008 ***********************************Ind** =035 ##$$0010-061300000002347 =041 ##$$a Ind =082 ##$$a 892.7 =090 ##$$a 892.7, Gib a =100 ##$$a Gibran, Kahlil =245 ##$$a Antara anak dewa dan anak monyet, Kahlil Gibran =260 ##$$a 1999 $b Yogyakarta =300 ##$$a xi, 108 hlm, 21 cm =650 ##$$a Kesusastraan Arab =850 ##$$a NBPNMAT